Donald Trump Quiz - Statistics

General Stats
  • This quiz has been taken 216 times
  • The average score is 4 of 15
Answer Stats
Hint Answer % Correct
Wife Melania
90%
Favorite Child Ivanka
80%
Home State New York
72%
Hillary nickname Crooked Hillary
45%
Marco Rubio nickname Little Marco
26%
Ted Cruz nickname Lyin Ted
24%
What he has called women Pigs
20%
Rigged Thing Elections
16%
What he called Hillary 3rd debate Nasty Woman
14%
What he has called women Dogs
10%
What he has called women Slobs
7%
Rigged Thing Emmy Awards
2%
What he called Alicia Machado Ms piggy
2%
Economic Plan Trumped up Trickled down economics
2%
What he called Alicia Machado Ms Houskeeping
1%
No matching quizzes found
Score Distribution
Percent of People with Each Score
Percentile by Number Answered
Your Score History
You have not taken this quiz